| 000 | 01208nam2a22002411 4500 | ||
|---|---|---|---|
| 001 | rc\580710 | ||
| 005 | 20250621231037.0 | ||
| 035 | _a(NLR Aleph) 005969975 | ||
| 090 |
_a6925627 _c6925627 |
||
| 100 | _a20031121d1988 |||y0rusy50 ca | ||
| 101 | 0 | _arus | |
| 102 | _aRU | ||
| 105 | _aa ||||||||| | ||
| 200 | 1 |
_aМеталлогения. Медно-никелевые руды _f[Асминг В.Э., Астафьев Ю.А., Баржицкая С.М. и др.] |
|
| 210 |
_d1988 _aБ. м. |
||
| 215 |
_a40 с. _cил. |
||
| 320 | _aБиблиогр.: с. 38-39 | ||
| 461 | 0 |
_1001rc\580708 _12001#$aНовое в изучении минерально-сырьевых ресурсов Мурманской области$f[Редкол.: ...Негруца В.З. (отв. ред.) и др.]$v... 1987 год. [1] _96925609 _cАпатиты _d1990- _f[Редкол.: ...Негруца В.З. (отв. ред.) и др.] _nКол. фил. АН СССР _tНовое в изучении минерально-сырьевых ресурсов Мурманской области _v... 1987 год. [1] |
|
| 801 | 0 |
_aRU _bNLR _gpsbo |
|
| 801 | 1 |
_aRU _bELAR _2rusmarc |
|
| 852 |
_aNLR _j90-4/15687 |
||
| 942 | _cBOOK | ||
| 980 | _aNB | ||